Statistics for 15 strongest naruto characters

Click here to take the quiz!

General Stats

  • This quiz has been taken 3,586 times
  • The average score is 8 of 15

Answer Stats

Hint Answer % Correct
10th strongestnaruto
100%
3rd strongestsasuke
97%
1st strongestmadara
86%
9th strongestkakashi
85%
4th strongestitachi
77%
11th strongestsakura
69%
2nd strongestminato
68%
15th strongesttobi
64%
5th strongestnagato
51%
6th strongestgaara
48%
12th strongestkabuto
31%
7th strongestdanzo
19%
14th strongestmasked man
6%
8th strongestizuna
3%
13th strongest4th raikage
1%

Score Distribution

Percentile by Number Answered

Percent of People with Each Score

Your Score History

You have not taken this quiz